000 00606nam a22001697a 4500
999 _c61471
_d61471
005 20240318151324.0
008 240318s1977 ru ||||| |||| 00| 0 rus d
041 _arus
080 _a902.6 У-36
100 _aУилбер, Д.
_921451
245 _aПерсеполь:
_bАрхеологические раскопки резиденции персидских царей /
_cД. Уилбер.
264 _aМ.:
_bНаука,
_c1977.
300 _a102 с.:
_bил.;
_c20 см.
653 _aპერსეპოლისი
653 _aარქეოლოგია
942 _2udc
_cᲬᲘᲒᲜᲘ